Paninian Studies : Professor S. D. Joshi Felicitation Volume.

Bibliographic Details
Main Author: Deshpande, Madhav.
Other Authors: Bhate, Saroja.
Format: eBook
Language:English
Published: Ann Arbor : University of Michigan, Center for South & Southeast Asian Studies, 1991.
Edition:1st ed.
Series:Michigan Papers on South and Southeast Asia Series
Subjects:
Online Access:Click to View
LEADER 01695nam a22003973i 4500
001 EBC7007855
003 MiAaPQ
005 20231204023225.0
006 m o d |
007 cr cnu||||||||
008 231204s1991 xx o ||||0 eng d
020 |a 9780472901692  |q (electronic bk.) 
020 |z 9780891480648 
035 |a (MiAaPQ)EBC7007855 
035 |a (Au-PeEL)EBL7007855 
035 |a (OCoLC)1328136492 
040 |a MiAaPQ  |b eng  |e rda  |e pn  |c MiAaPQ  |d MiAaPQ 
050 4 |a PK519 
100 1 |a Deshpande, Madhav. 
245 1 0 |a Paninian Studies :  |b Professor S. D. Joshi Felicitation Volume. 
250 |a 1st ed. 
264 1 |a Ann Arbor :  |b University of Michigan, Center for South & Southeast Asian Studies,  |c 1991. 
264 4 |c Ã1991. 
300 |a 1 online resource (154 pages) 
336 |a text  |b txt  |2 rdacontent 
337 |a computer  |b c  |2 rdamedia 
338 |a online resource  |b cr  |2 rdacarrier 
490 1 |a Michigan Papers on South and Southeast Asia Series ;  |v v.37 
588 |a Description based on publisher supplied metadata and other sources. 
590 |a Electronic reproduction. Ann Arbor, Michigan : ProQuest Ebook Central, 2023. Available via World Wide Web. Access may be limited to ProQuest Ebook Central affiliated libraries.  
655 4 |a Electronic books. 
700 1 |a Bhate, Saroja. 
776 0 8 |i Print version:  |a Deshpande, Madhav  |t Paninian Studies  |d Ann Arbor : University of Michigan, Center for South & Southeast Asian Studies,c1991  |z 9780891480648 
797 2 |a ProQuest (Firm) 
830 0 |a Michigan Papers on South and Southeast Asia Series 
856 4 0 |u https://ebookcentral.proquest.com/lib/matrademy/detail.action?docID=7007855  |z Click to View